000 00565nam a2200193Ia 4500
003 GCL
008 140319s9999 xx 000 0 eng d
040 _aGCL /
_cGCL
082 0 4 _a032.1001
_bM S
100 1 _aSIPPL, CHARLES J.
245 1 0 _aMACMILLAN DICTIONARY OF DATA COMMUNICATIONS, 2nd ed /
_cSIPPL, CHARLES J.
260 _a[S.N] :
_bMACMILLAN PRESS ،
_c1985
300 _a532 P
650 0 4 _aELECTRONIC DATA PROCESSING
650 0 4 _aENCYCLOPEDIAS AND DICTIONARIES
650 0 4 _aREFERENCE PUBLICATION
650 0 4 _aDATA PREPARATION
942 _2ddc
_cBK
999 _c16997
_d16997